Nhà thờ Đức Bà Paris; T1 = La Notre Dame de Paris

Tallennettuna:
Bibliografiset tiedot
Päätekijä: Victor Hugo
Aineistotyyppi: Kirja
Kieli:Undetermined
Julkaistu: Hà Nội Văn Học 1999
Aiheet:
Tagit: Lisää tagi
Ei tageja, Lisää ensimmäinen tagi!
Thư viện lưu trữ: Trung tâm Học liệu Trường Đại học Cần Thơ
LEADER 00553nam a2200181Ia 4500
001 CTU_35908
008 210402s9999 xx 000 0 und d
082 |a 843.8 
082 |b H895/T1/1999 
100 |a Victor Hugo 
245 0 |a Nhà thờ Đức Bà Paris; T1 
245 0 |b = La Notre Dame de Paris 
245 0 |c Victor Hugo, Nhị Ca 
260 |a Hà Nội 
260 |b Văn Học 
260 |c 1999 
650 |a french fiction ( vietnamese ),french literature - 19th century 
980 |a Trung tâm Học liệu Trường Đại học Cần Thơ